Optimization, Control and Management in Microgrids using Metaheuristic Algorithms / (Record no. 615502)

000 -LEADER
fixed length control field 00494nam a22001577a 4500
082 ## - DEWEY DECIMAL CLASSIFICATION NUMBER
Classification number PhD-ESE-15
100 ## - MAIN ENTRY--PERSONAL NAME
Personal name Ahmad, Nabila (115340)
245 ## - TITLE STATEMENT
Title Optimization, Control and Management in Microgrids using Metaheuristic Algorithms /
264 ## - PRODUCTION, PUBLICATION, DISTRIBUTION, MANUFACTURE, AND COPYRIGHT NOTICE
Place of production, publication, distribution, manufacture Islamabad :
Name of producer, publisher, distributor, manufacturer USPCAS-E,
Date of production, publication, distribution, manufacture, or copyright notice December, 2025.
300 ## - PHYSICAL DESCRIPTION
Extent xx, 168 p.
Accompanying material +CD
520 ## - SUMMARY, ETC.
Summary, etc. PhD-ESE-15
650 ## - SUBJECT ADDED ENTRY--TOPICAL TERM
Topical term or geographic name entry element PhD ESE Thesis
650 ## - SUBJECT ADDED ENTRY--TOPICAL TERM
Topical term or geographic name entry element PhD Thesis
700 ## - ADDED ENTRY--PERSONAL NAME
Personal name Dr. Hassan Abdullah Khalid
942 ## - ADDED ENTRY ELEMENTS (KOHA)
Source of classification or shelving scheme
Koha item type Thesis
Holdings
Withdrawn status Permanent Location Current Location Date acquired Full call number Barcode Koha item type
  US-Pakistan Center for Advanced Studies in Energy (USPCAS-E) US-Pakistan Center for Advanced Studies in Energy (USPCAS-E) 12/15/2025 PhD-ESE-15 CAS-EPTH000015 Thesis
© 2023 Central Library, National University of Sciences and Technology. All Rights Reserved.